[Event "Quebec-ch U14"]
[Site "Montreal"]
[Date "2011.11.27"]
[Round "4"]
[White "Gu, Sheng Ming"]
[Black "Manailoiu, Dragos"]
[Result "0-1"]
[WhiteElo "1657"]
[BlackElo "1799"]
[PlyCount "130"]
[EventDate "2011.11.25"]
[EventType "swiss"]
[EventRounds "5"]
[EventCountry "CAN"]
[SourceTitle "EXT 2022"]
[Source "ChessBase"]
[SourceDate "2021.10.06"]
[SourceVersion "1"]
[SourceVersionDate "2021.10.06"]
[SourceQuality "1"]

1. e4 c5 2. Nf3 Nc6 3. d4 cxd4 4. Nxd4 Nf6 5. Nc3 e5 6. Ndb5 d6 7. Bg5 a6 8. Na3 b5 9. Nd5 Be7 10. Bxf6 Bxf6 11. Bd3 0-0 12. 0-0 Be6 13. c4 b4 14. Nc2 a5 15. Rc1 Bg5 16. f4 exf4 17. Nxf4 Qb6+ 18. Kh1 Ne5 19. Nxe6 fxe6 20. Rb1 Rf2 21. Be2 Raf8 22. b3 Ng4 23. Bxg4 Rxf1+ 24. Qxf1 Rxf1+ 25. Rxf1 Bf6 26. Bxe6+ Kf8 27. Rf5 Ke7 28. Bd5 a4 29. Rf3 axb3 30. axb3 Qa7 31. Ne3 Qa1+ 32. Nf1 Qb2 33. h3 g5 34. Ne3 Qc1+ 35. Nf1 h5 36. g4 hxg4 37. hxg4 Qd1 38. Kg2 Qe2+ 39. Rf2 Qxg4+ 40. Ng3 Be5 41. Rf7+ Ke8 42. Rf3 Bf4 43. Bb7 Kd8 44. Bd5 Kc7 45. Kf2 Qh3 46. Nf1 Qh8 47. Kg2 Qb2+ 48. Kh3 Qh8+ 49. Kg2 Kb6 50. Ng3 Be5 51. Rf5 Qh4 52. Nf1 g4 53. Rxe5 dxe5 54. c5+ Kxc5 55. Nh2 Qh3+ 56. Kg1 Qe3+ 57. Kg2 g3 58. Ng4 Qf4 59. Kh3 g2 60. Nxe5 Qxe5 61. Kxg2 Kd4 62. Kf3 Qh2 63. Kg4 Qf2 64. Kg5 Ke5 65. Kg4 Qg2+ 0-1

[Event "Quebec-ch U12"]
[Site "Montreal"]
[Date "2010.11.28"]
[Round "5"]
[White "Chiku Ratte, Olivier Kenta"]
[Black "Gu, Sheng Ming"]
[Result "1-0"]
[WhiteElo "2094"]
[BlackElo "1480"]
[PlyCount "77"]
[EventDate "2010.11.26"]
[EventType "swiss"]
[EventRounds "5"]
[EventCountry "CAN"]
[SourceTitle "EXT 2013"]
[Source "ChessBase"]
[SourceDate "2012.11.22"]
[SourceVersion "1"]
[SourceVersionDate "2012.11.22"]
[SourceQuality "1"]

1. d4 d5 2. c4 e6 3. Nc3 Nf6 4. cxd5 Nxd5 5. e4 Nxc3 6. bxc3 Be7 7. Nf3 0-0 8. Be2 b6 9. Be3 Bb7 10. Bd3 Nd7 11. 0-0 c5 12. Rc1 Rc8 13. Nd2 Nf6 14. Qe2 cxd4 15. cxd4 h6 16. f3 Ba3 17. Rxc8 Qxc8 18. Nc4 Be7 19. Rc1 Qd7 20. Ne5 Qd6 21. Ba6 Bxa6 22. Qxa6 Qa3 23. Qxa3 Bxa3 24. Rc7 Ra8 25. Rxf7 Ne8 26. Rd7 Nd6 27. Nc6 a5 28. Bf4 Nb5 29. Be5 Bf8 30. Rb7 Nc3 31. d5 Nxa2 32. d6 Nb4 33. Nb8 Nd3 34. d7 Be7 35. Bd6 Bd8 36. Rc7 Nc5 37. Rc8 Nb7 38. Nc6 Nxd6 39. Rxa8 1-0

[Event "Quebec-ch U20"]
[Site "Montreal"]
[Date "2010.03.13"]
[Round "2"]
[White "Gu, Sheng Ming"]
[Black "Lepine, Cedric"]
[Result "0-1"]
[WhiteElo "1394"]
[BlackElo "1841"]
[PlyCount "79"]
[EventDate "2010.03.12"]
[EventType "swiss"]
[EventRounds "5"]
[EventCountry "CAN"]
[SourceTitle "EXT 2013"]
[Source "ChessBase"]
[SourceDate "2012.11.22"]
[SourceVersion "1"]
[SourceVersionDate "2012.11.22"]
[SourceQuality "1"]

1. e4 Nf6 2. e5 Nd5 3. c4 Nb6 4. d4 d6 5. f4 dxe5 6. fxe5 Nc6 7. Be3 Bf5 8. Nf3 Nb4 9. Na3 e6 10. Be2 Qd7 11. 0-0 Be7 12. h3 0-0-0 13. Bf2 h6 14. Qd2 Nc6 15. Rfd1 f6 16. c5 Nd5 17. Bb5 a6 18. Ba4 Be4 19. Bg3 Rhf8 20. Qe2 Bxf3 21. gxf3 fxe5 22. Bxe5 Bf6 23. Kh2 Bxe5+ 24. dxe5 Rf4 25. Bxc6 Qxc6 26. Rac1 Rdf8 27. Rf1 Rh4 28. Qf2 g5 29. Rc4 Nf4 30. Rd4 Nxh3 31. Qd2 Nf4+ 32. Kg1 Ne2+ 33. Qxe2 Rxd4 34. Nc2 Rdf4 35. Kg2 g4 36. Ne1 gxf3+ 37. Rxf3 Rg8+ 38. Kf2 Qxc5+ 39. Qe3 Rxf3+ 40. Kxf3 0-1

[Event "Quebec-ch U20"]
[Site "Montreal"]
[Date "2010.03.13"]
[Round "3"]
[White "Zhu, Hong Rui"]
[Black "Gu, Sheng Ming"]
[Result "1-0"]
[WhiteElo "1767"]
[BlackElo "1394"]
[PlyCount "61"]
[EventDate "2010.03.12"]
[EventType "swiss"]
[EventRounds "5"]
[EventCountry "CAN"]
[SourceTitle "EXT 2013"]
[Source "ChessBase"]
[SourceDate "2012.11.22"]
[SourceVersion "1"]
[SourceVersionDate "2012.11.22"]
[SourceQuality "1"]

1. e4 c5 2. Nf3 e6 3. d4 cxd4 4. Nxd4 Nf6 5. Bd3 Nc6 6. Nxc6 bxc6 7. 0-0 Be7 8. e5 Nd5 9. c4 Nb6 10. Qg4 Kf8 11. Nc3 Bb7 12. Kh1 d6 13. exd6 Bxd6 14. Be2 Qc7 15. f4 h5 16. Qh3 g6 17. b3 Ke7 18. Qh4+ f6 19. Ne4 Nd7 20. Bb2 Raf8 21. Nxd6 Qxd6 22. Rad1 Qc7 23. Ba3+ c5 24. Rd2 Ke8 25. Rfd1 Bc6 26. Rd6 Ke7 27. Qf2 Qa5 28. Qe3 e5 29. fxe5 f5 30. Qg5+ Kf7 31. Rxd7+ 1-0

[Event "CAN-ch U10"]
[Site "Quebec"]
[Date "2008.07.14"]
[Round "2"]
[White "Song, Terry"]
[Black "Gu, Sheng Ming"]
[Result "1-0"]
[WhiteElo "1435"]
[BlackElo "1398"]
[PlyCount "99"]
[EventDate "2008.07.14"]
[EventType "swiss"]
[EventRounds "7"]
[EventCountry "CAN"]
[SourceTitle "EXT 2011"]
[Source "ChessBase"]
[SourceDate "2010.11.26"]
[SourceVersion "1"]
[SourceVersionDate "2010.11.26"]
[SourceQuality "1"]

1. e4 c5 2. Nf3 e6 3. d4 cxd4 4. Nxd4 Nf6 5. Nc3 Nc6 6. Bg5 Bb4 7. Nxc6 bxc6 8. Qf3 Be7 9. Be2 d5 10. 0-0 0-0 11. Rfd1 h6 12. Bh4 Nd7 13. Bxe7 Qxe7 14. exd5 cxd5 15. Re1 Qf6 16. Rad1 Qxf3 17. Bxf3 Nb6 18. b3 Bb7 19. Ne2 Rad8 20. c4 Rfe8 21. Nc3 Ba8 22. cxd5 exd5 23. Kf1 Bb7 24. Rxe8+ Rxe8 25. Nxd5 Ba6+ 26. Kg1 Nxd5 27. Bxd5 Re2 28. b4 Bb5 29. g3 a6 30. Kg2 Re8 31. Bb3 Rc8 32. a4 Bc6+ 33. Kf1 Rb8 34. Rd6 Bf3 35. Rd4 Rc8 36. Ke1 Rc1+ 37. Kd2 Rh1 38. Ke3 Bh5 39. b5 axb5 40. axb5 Rc1 41. Rb4 Rc8 42. b6 Rb8 43. Kd4 Kf8 44. Kc5 Ke8 45. g4 Bg6 46. Kb5 Bd3+ 47. Bc4 Bxc4+ 48. Rxc4 g6 49. Ka6 f5 50. Ka7 1-0